000 00321nam a22001337a 4500
008 171031b xxu||||| |||| 00| 0 eng d
020 _a2900073048498
041 _aeng
080 _214 ED
_a33
100 _a59
101 _aBUS
245 _aTHE LEGAL REGULATORY ENVIRONMENT OF BUSINESS
_cREED.SH
942 _2udc
_cBK
999 _c36885
_d36885